[Event "10th Mayors Cup Open 2017"]
[Site "Mumbai IND"]
[Date "2017.06.09"]
[Round "8.13"]
[White "Sekar,B"]
[Black "Rathnakaran,K"]
[Result "1-0"]
[WhiteElo "2247"]
[BlackElo "2378"]

1.e4 e6 2.d4 d5 3.Nd2 Nc6 4.Ngf3 Nf6 5.e5 Nd7 6.Be2 f6 7.exf6 Qxf6 8.Nf1 Bd6
9.Ne3 O-O 10.O-O Qg6 11.c4 Nf6 12.c5 Be7 13.Bb5 Bd7 14.a4 a5 15.Nc2 Ne4
16.Nce1 Rf5 17.Bxc6 Bxc6 18.Nd3 Raf8 19.Nfe5 Qe8 20.Be3 h5 21.Nxc6 Qxc6 22.Qb3
b6 23.cxb6 cxb6 24.Rac1 Qd6 25.Qb5 Bd8 26.Qc6 Qe7 27.Ne5 Kh7 28.Qd7 Qxd7
29.Nxd7 R8f7 30.Ne5 Rb7 31.f3 Nd6 32.Rc6 Be7 33.Rfc1 Rf8 34.Rc7 Rxc7 35.Rxc7
Nf5 36.Bf2 Bd6 37.Rc6 Bxe5 38.dxe5 d4 39.Kf1 Rb8 40.g4 hxg4 41.fxg4 Ne3+
42.Bxe3 dxe3 43.Ke2 b5 44.b3 bxa4 45.bxa4 Rb4 46.h3 Rxa4 47.Kxe3 Ra3+ 48.Kf4
Rxh3 49.Rxe6 Rh6 50.Rd6 a4 51.e6 Kg6 52.Rd8 {#r} 1-0

[Event "CHN Team Men 2017"]
[Site "Beijing CHN"]
[Date "2017.06.11"]
[Round "6.4"]
[White "Liang Jinrong"]
[Black "Pang,Tao"]
[Result "1-0"]
[WhiteElo "2455"]
[BlackElo "2132"]
[EventType "team"]

1.e4 e6 2.d4 d5 3.Nd2 Nc6 4.Ngf3 Nf6 5.e5 Nd7 6.Bb5 f6 7.exf6 Qxf6 8.Nb3 Bd6
9.O-O O-O 10.Bg5 Qf7 11.Bh4 h6 12.Bg3 a6 13.Bxc6 bxc6 14.Re1 Rb8 15.Qe2 Nb6
16.Nc5 Bxc5 17.dxc5 Na4 18.Ne5 Qe8 19.Nd3 Qe7 20.b4 a5 21.a3 Nc3 22.Qe5 axb4
23.Qxc7 Qxc7 24.Bxc7 Ra8 25.axb4 Rxa1 26.Rxa1 Nb5 27.Be5 Bb7 28.f3 Ra8
29.Rxa8+ Bxa8 30.Bb2 Bb7 31.Kf2 Nc7 32.Ne5 Na6 33.Bc3 Nb8 34.Ke3 Ba6 35.Kd4
Bf1 36.g4 Kf8 37.Be1 Be2 38.h4 Ke8 39.h5 Bd1 40.b5 cxb5 41.c6 Kd8 42.Kc5 Kc8
43.Kb6 Bxc2 44.c7 d4 45.cxb8=Q+ Kxb8 46.Kxb5 d3 47.Kc6 Bb3 48.Kd6 {#r} 1-0

[Event "44th OKU 2017"]
[Site "Utrecht NED"]
[Date "2017.06.11"]
[Round "6.3"]
[White "Van Overdam,Jul"]
[Black "Elgersma,Simon"]
[Result "1-0"]
[WhiteElo "2360"]
[BlackElo "2142"]

1.e4 e6 2.d4 d5 3.Nd2 c5 4.c3 cxd4 5.cxd4 dxe4 6.Nxe4 Bb4+ 7.Nc3 Bd7 8.Nf3 Bc6
9.Bd3 Nf6 10.O-O O-O 11.Bg5 Nbd7 12.Qe2 Be7 13.Rad1 Nb6 14.Bb1 Nbd5 15.Rfe1
Rc8 16.a3 Nxc3 17.bxc3 Bxa3 18.c4 Bxf3 19.Qxf3 Bb4 20.Qd3 g6 21.Re4 Be7 22.Rh4
Nd7 23.Bxe7 Qxe7 24.g3 Rfd8 25.d5 Ne5 26.Qe2 exd5 27.cxd5 Qd6 28.Re4 Nd7
29.Ba2 Nf6 30.Rf4 Kg7 31.Qb2 Qb6 32.Rb4 Qa6 33.Rxb7 Rd6 34.Re1 Rb6 35.Rxb6
Qxb6 36.Qd2 Re8 37.Rc1 Ne4 38.Qf4 Qf6 39.Qxf6+ Kxf6 40.Rc6+ Ke5 41.Rc7 Kd6
42.Rxa7 Re7 43.Ra6+ Ke5 44.Rc6 Kd4 45.d6 Rd7 46.Rc7 Rxd6 47.Rxf7 Ng5 48.Rf4+
Ke5 49.Kg2 Rd2 50.Bg8 h5 51.h4 Ne4 52.Bh7 Rd6 53.Rf8 Rf6 54.Re8+ Kf5 55.f4
{#r} 1-0

[Event "CHN Team Men 2017"]
[Site "Beijing CHN"]
[Date "2017.06.10"]
[Round "5.4"]
[White "Zhou Jianchao"]
[Black "Xu,Yinglun"]
[Result "1-0"]
[WhiteElo "2595"]
[BlackElo "2536"]
[EventType "team"]

1.e4 e6 2.d4 d5 3.Nd2 c5 4.exd5 Qxd5 5.Ngf3 cxd4 6.Bc4 Qd6 7.O-O Nf6 8.Nb3 Nc6
9.Nbxd4 Nxd4 10.Nxd4 Bd7 11.Re1 Be7 12.c3 O-O 13.Qf3 Qb6 14.a4 Rfc8 15.a5 Qd8
16.Bf1 Bd6 17.Bg5 h6 18.Bxf6 Qxf6 19.Qxb7 e5 20.Qxd7 exd4 21.cxd4 Rc2 22.Re8+
Rxe8 23.Qxe8+ Bf8 24.Qe3 Rxb2 25.Rc1 a6 26.Rc8 Ra2 27.d5 Qd6 28.Qb6 Qd7 29.Qc5
{#r} 1-0

[Event "CHN Team Men 2017"]
[Site "Beijing CHN"]
[Date "2017.06.08"]
[Round "3.4"]
[White "Liu Qingnan"]
[Black "Pang,Tao"]
[Result "1-0"]
[WhiteElo "2503"]
[BlackElo "2132"]
[EventType "team"]

1.e4 e6 2.d4 d5 3.Nd2 c5 4.exd5 exd5 5.Ngf3 Nf6 6.Be2 Nc6 7.O-O cxd4 8.Nb3 Be7
9.Nfxd4 O-O 10.Be3 Ne5 11.c3 Bg4 12.Bxg4 Nexg4 13.Bg5 h6 14.Bh4 Qb8 15.Nf3 Bd6
16.h3 g5 17.hxg4 Nxg4 18.Nxg5 Bh2+ 19.Kh1 Bg1 20.Nf3 {#r} 1-0

[Event "10th Mayors Cup Open 2017"]
[Site "Mumbai IND"]
[Date "2017.06.07"]
[Round "6.18"]
[White "Gajwa,A"]
[Black "Mahalakshmi,M"]
[Result "1-0"]
[WhiteElo "2309"]
[BlackElo "2180"]

1.e4 e6 2.d4 d5 3.Nc3 Nc6 4.Nf3 Nf6 5.Bd3 Bb4 6.O-O Bxc3 7.exd5 Bxd4 8.dxc6
bxc6 9.Nxd4 Qxd4 10.Qf3 Bd7 11.Qg3 O-O 12.Be3 Qg4 13.Qxc7 Rfe8 14.f3 Qh5
15.Rfe1 e5 16.Bf2 Qg5 17.Bg3 Rac8 18.Rxe5 Qd2 19.Qd6 Kh8 20.Bf4 {#r} 1-0

[Event "CHN Team Women 2017"]
[Site "Beijing CHN"]
[Date "2017.06.09"]
[Round "4.1"]
[White "Wang Jue"]
[Black "Ning,Kaiyu"]
[Result "1-0"]
[WhiteElo "2367"]
[BlackElo "2078"]
[EventType "team"]

1.e4 e6 2.d4 d5 3.Nc3 dxe4 4.Nxe4 Bd7 5.Nf3 Bc6 6.Neg5 Be7 7.Bc4 Bd5 8.Bd3 Nd7
9.c4 Bxf3 10.Nxf3 Ngf6 11.O-O O-O 12.Qe2 c5 13.Bc2 Re8 14.b3 cxd4 15.Nxd4 a6
16.Bb2 Qa5 17.a3 Rad8 18.b4 Qc7 19.Rac1 Nb8 20.Ba4 Nc6 21.Nxc6 bxc6 22.Be5 Qb6
23.Qf3 Rc8 24.Bc3 Red8 25.c5 Qb7 26.Qg3 Nh5 27.Qh3 Rd5 28.Bb3 Rg5 29.f4 Nxf4
30.Rxf4 Bxc5+ 31.Kh1 {#r} 1-0

[Event "18th ch-EUR Indiv 2017"]
[Site "Minsk BLR"]
[Date "2017.06.06"]
[Round "7.31"]
[White "Motylev,A"]
[Black "Svane,R"]
[Result "1-0"]
[WhiteElo "2665"]
[BlackElo "2573"]

1.e4 e6 2.d4 d5 3.Nc3 Nf6 4.e5 Nfd7 5.f4 c5 6.Nf3 Nc6 7.Be3 a6 8.Qd2 b5 9.dxc5
Bxc5 10.Bd3 Qb6 11.Bf2 Bb7 12.O-O h6 13.Rae1 Bxf2+ 14.Rxf2 Nc5 15.a3 Rd8 16.b4
Nxd3 17.cxd3 O-O 18.d4 f6 19.exf6 Rxf6 20.Ne2 Ne7 21.Ng3 Bc8 22.Ne5 Bd7 23.h3
Rff8 24.Qe3 Be8 25.Nd3 Rf6 26.Nc5 Bf7 27.Qd2 Bg6 28.Rfe2 Bf7 29.Nf1 Nf5 30.Nh2
Ng3 31.Re5 Ne4 32.Qe3 h5 33.Nf3 Nd6 34.Qc1 Nf5 35.Qd2 Nd6 36.Qc1 Nf5 37.Kh2
Rd6 38.Qd2 Ne7 39.Rg5 Nf5 40.Ne5 Be8 41.g4 hxg4 42.hxg4 Nh6 43.Kg2 Qc7 44.Rc1
Qe7 45.Kg3 Rf8 46.Qe3 Rf6 47.Rc3 Nf7 48.Nxf7 Rxf7 49.Qe5 Rc6 50.Re3 Bd7 51.Rg6
Qd8 52.Nxd7 Qxd7 53.Rxe6 Rxe6 54.Qxe6 Qxe6 55.Rxe6 Rc7 56.Rxa6 Rc3+ 57.Kh4 Rd3
58.Kg5 Rxd4 59.Rb6 {#r} 1-0

[Event "18th ch-EUR Indiv 2017"]
[Site "Minsk BLR"]
[Date "2017.06.06"]
[Round "7.95"]
[White "Palac,M"]
[Black "Druska,J"]
[Result "1-0"]
[WhiteElo "2573"]
[BlackElo "2430"]

1.e4 e6 2.d4 d5 3.Nc3 Nf6 4.Bg5 dxe4 5.Nxe4 Be7 6.Bxf6 gxf6 7.Qd2 a6 8.O-O-O
b5 9.g4 Bb7 10.Bg2 Bd5 11.f4 Nd7 12.Nc3 Nb6 13.Nxd5 exd5 14.Ne2 Qd7 15.Ng3
Qxg4 16.Rde1 Kd7 17.Qd3 Bd6 18.Kb1 h5 19.h4 Kc6 20.Bf3 Qxf4 21.Nxh5 Qh6 22.a4
Rae8 23.a5 Nd7 24.Qb3 Rxe1+ 25.Rxe1 Qxh5 26.Bxh5 Rxh5 27.Qc3+ Kb7 28.Qf3 Rxh4
29.Qxd5+ Ka7 30.Qxf7 Nb8 31.Re8 Rxd4 32.Qg8 c5 33.c3 Rd2 34.Qf7+ Ka8 35.Qxf6
Kb7 36.Qf7+ Ka8 37.Qf3+ Ka7 38.Kc1 {#r} 1-0

[Event "8th Dolomiti Open 2017"]
[Site "Forni di Sopra ITA"]
[Date "2017.06.12"]
[Round "3.6"]
[White "Bifulco,M"]
[Black "Castellanos Rodriguez,R"]
[Result "0-1"]
[WhiteElo "2254"]
[BlackElo "2488"]

1.d4 Nf6 2.Nc3 e6 3.e4 d5 4.Bg5 dxe4 5.Nxe4 Be7 6.Bxf6 gxf6 7.Nf3 f5 8.Nc3 a6
9.Ne5 Nd7 10.g3 c5 11.Nxd7 Bxd7 12.d5 Qb6 13.Rb1 O-O-O 14.Bg2 h5 15.O-O h4
16.Ne2 hxg3 17.hxg3 e5 18.Qd2 f4 19.d6 Bc6 20.gxf4 Bxg2 21.Kxg2 Qc6+ 22.f3 Bh4
{#R} 0-1

[Event "10th Mayors Cup Open 2017"]
[Site "Mumbai IND"]
[Date "2017.06.09"]
[Round "8.16"]
[White "Pranav,S"]
[Black "Krishna Teja,N"]
[Result "1-0"]
[WhiteElo "2200"]
[BlackElo "2406"]

1.e4 e6 2.d4 d5 3.Nc3 Nf6 4.e5 Nfd7 5.f4 c5 6.Nf3 Nc6 7.Be3 Be7 8.Qd2 O-O
9.dxc5 Nxc5 10.Nd4 a6 11.O-O-O Nd7 12.Kb1 Na5 13.Qf2 b5 14.Nb3 Nc4 15.Bd4 Qc7
16.Bd3 Qc6 17.Rhe1 b4 18.Ne4 Re8 19.Ng5 h6 20.Nxf7 Kxf7 21.f5 Rf8 22.f6 gxf6
23.Qh4 Ke8 24.exf6 Nxf6 25.Qxh6 Bd7 26.g4 Kd8 27.g5 Ng4 28.Qg7 Nd6 29.h3 Nf2
30.Bxf2 Rxf2 31.Nd4 Qc8 32.h4 Nb5 33.Qg8+ Kc7 34.Nxe6+ Kd6 35.Qg7 Qh8 36.Bc4
Bc6 37.Bxd5 Qxg7 38.Bxc6+ Kxc6 39.Nxg7 Bd6 40.h5 Rc8 41.Rf1 Rg2 42.Rg1 Rxg1
43.Rxg1 Kd7 44.g6 Bf4 45.Nf5 Ke6 46.g7 Kxf5 47.g8=Q Rxg8 48.Rxg8 Nd6 49.Ra8
Be5 50.Rxa6 Nc4 51.h6 Nxb2 52.h7 Nc4 53.Ra8 {#r} 1-0

[Event "44th OKU 2017"]
[Site "Utrecht NED"]
[Date "2017.06.10"]
[Round "3.20"]
[White "Elgersma,Simon"]
[Black "De Groot,Pieter"]
[Result "1-0"]
[WhiteElo "2142"]
[BlackElo "2097"]

1.e4 e6 2.d4 d5 3.Nc3 Nf6 4.e5 Nfd7 5.f4 c5 6.Nf3 Nc6 7.Be3 Be7 8.Qd2 a6
9.dxc5 Nxc5 10.O-O-O Qc7 11.Kb1 b5 12.Qf2 Nd7 13.g4 Bb7 14.Bg2 g5 15.Nxg5 Bxg5
16.fxg5 Ncxe5 17.Bf4 Qd8 18.Rhe1 Ng6 19.Bxd5 Bxd5 20.Nxd5 Qc8 21.Nc7+ {#r} 1-0

[Event "Mateu Chalmeta Mem 2017"]
[Site "Sant Boi ESP"]
[Date "2017.06.09"]
[Round "8.3"]
[White "Morros Faura,R"]
[Black "Moreno Martin,D"]
[Result "1-0"]
[WhiteElo "2256"]
[BlackElo "2194"]

1.e4 e6 2.d4 d5 3.Nc3 Nf6 4.Bg5 dxe4 5.Nxe4 Be7 6.Bxf6 gxf6 7.Nf3 f5 8.Ng3 c5
9.dxc5 Qa5+ 10.c3 Qxc5 11.Bd3 Nc6 12.O-O Bd7 13.Qe2 Rg8 14.Rac1 Qb6 15.b4 f4
16.Nh5 O-O-O 17.b5 Na5 18.Ne5 Qc5 19.Rfe1 Be8 20.Nxf4 Bg5 21.Qe3 Qxe3 22.fxe3
f6 23.Nxe6 fxe5 24.Nxd8 Kxd8 25.Bxh7 Rg7 26.Bd3 Kc7 27.c4 Rd7 28.Bf1 Rd2 29.g3
Bh5 30.h4 Be7 31.c5 Rxa2 32.Ra1 Rxa1 33.Rxa1 b6 34.cxb6+ axb6 35.Rc1+ Kd6
36.Kf2 Bg4 37.Be2 Bxe2 38.Kxe2 e4 39.Kf2 Ke6 40.Rc8 Kf5 41.Rg8 Nc4 42.g4+ Ke6
43.g5 Bc5 44.h5 Bxe3+ 45.Ke2 Kf7 46.Rc8 Bc5 47.Rc7+ Ke6 48.h6 Nd6 49.Rxc5 bxc5
50.h7 Nf7 51.g6 {#r} 1-0

[Event "FSIM June 2017"]
[Site "Budapest HUN"]
[Date "2017.06.07"]
[Round "5.2"]
[White "Klasan,V"]
[Black "Lyell,M"]
[Result "1-0"]
[WhiteElo "2381"]
[BlackElo "2270"]

1.e4 e6 2.d4 d5 3.Nc3 Nf6 4.e5 Nfd7 5.f4 c5 6.Nf3 Nc6 7.Be3 cxd4 8.Nxd4 Bc5
9.Qd2 O-O 10.O-O-O a6 11.Nb3 Bb4 12.Bd3 b5 13.g4 Bb7 14.Rhg1 Rc8 15.Qf2 Bxc3
16.bxc3 b4 17.c4 Ne7 18.Qh4 Ng6 19.Qxd8 Rfxd8 20.cxd5 Bxd5 21.Kb2 a5 22.Nxa5
Nc5 23.Bxc5 Rxc5 24.Nb3 Rc3 25.Bxg6 hxg6 26.Rgf1 Rdc8 27.Rd2 Bf3 28.g5 Be4
29.Rff2 Kf8 30.Rfe2 Bd5 31.Rd4 R8c4 32.Red2 Ke7 33.Rxc4 Rxc4 34.Rd4 Kd7
35.Rxc4 Bxc4 36.Nd2 Be2 37.Kb3 Kc6 38.Kxb4 Kd5 39.c3 Bd3 40.Nb3 Bb1 41.c4+
{#r} 1-0

[Event "CHN Team Women 2017"]
[Site "Beijing CHN"]
[Date "2017.06.12"]
[Round "7.1"]
[White "Wang Jue"]
[Black "Yang,Yijing"]
[Result "1-0"]
[WhiteElo "2367"]
[BlackElo "2014"]
[EventType "team"]

1.e4 e6 2.d4 d5 3.Nc3 Nf6 4.e5 Nfd7 5.f4 c5 6.Nf3 Nc6 7.Be3 a6 8.Qd2 b5 9.Bd3
Qb6 10.Qf2 Bb7 11.a3 Be7 12.O-O g6 13.Nd1 c4 14.Be2 a5 15.c3 O-O-O 16.a4 Ba6
17.b3 cxb3 18.axb5 Bxb5 19.c4 Ba6 20.Nc3 Ndb8 21.Na4 Qb7 22.cxd5 Rxd5 23.Rfb1
Bxe2 24.Qxe2 Na6 25.Nc3 Rd7 26.Nb5 Nab4 27.Rxb3 Kb8 28.Nd6 Bxd6 29.exd6 Rxd6
30.Ne5 Rd5 31.Qb2 Rhd8 32.Nc4 Rb5 33.Nxa5 Nxa5 34.Rxa5 Rdd5 35.Rxb5 Rxb5 36.d5
Nd3 37.Qh8+ {#r} 1-0

[Event "10th Mayors Cup Open 2017"]
[Site "Mumbai IND"]
[Date "2017.06.11"]
[Round "10.8"]
[White "Babujian,L"]
[Black "Saurabh,K"]
[Result "1-0"]
[WhiteElo "2438"]
[BlackElo "2207"]

1.e4 e6 2.d4 d5 3.Nc3 Nf6 4.Bg5 Bb4 5.exd5 Qxd5 6.Bxf6 gxf6 7.Ne2 c5 8.a3
Bxc3+ 9.Nxc3 Qxd4 10.Qxd4 cxd4 11.Nb5 Na6 12.Nxd4 Bd7 13.Bxa6 bxa6 14.O-O-O a5
15.Rhe1 Rg8 16.g3 Rg5 17.f4 Rh5 18.h4 a4 19.Ne2 Rc5 20.Nc3 f5 21.Rd6 Rac8
22.Ra6 R8c7 23.Rd1 Rc4 24.Rd3 Bc6 25.Ra5 Bd7 26.Kd2 Ke7 27.Ke3 Rb7 28.b3 axb3
29.cxb3 Rc8 30.b4 Rbc7 31.Nb5 Bxb5 32.Rxb5 Kf6 33.Ra5 Kg6 34.Kf3 Rc3 35.Rxc3
Rxc3+ 36.Kg2 Rc2+ 37.Kh3 Rc7 38.a4 h5 39.Kg2 Kf6 40.Kf2 Ke7 41.Ke3 Rb7 42.b5
Kd6 43.Kd4 Rd7 44.Ra6+ Kc7+ 45.Ke5 Kb8 46.Rd6 Rc7 47.Kf6 Kb7 48.a5 Rc5 49.Rd7+
Kb8 50.b6 a6 51.Rxf7 Rxa5 52.Kxe6 Rb5 53.Rxf5 Rxb6+ 54.Ke7 Rb7+ 55.Kf8 Rb5
56.Rxb5+ axb5 57.f5 b4 58.f6 b3 59.f7 b2 60.Kg7 b1=Q 61.f8=Q+ Ka7 62.Qf7+ Ka8
63.Qe8+ Ka7 64.Qxh5 Qe4 65.Qf7+ Ka8 66.Qf8+ Ka7 67.Qf4 Qd3 68.g4 Ka8 69.Qf8+
Ka7 70.Qf5 Qd4+ 71.Kg6 Qd6+ 72.Qf6 Qd3+ 73.Kg7 Qe4 74.Kh6 Qe3+ 75.g5 Ka8 76.h5
Qe8 77.g6 Qe3+ 78.Kh7 Qa7+ 79.g7 Qd7 80.Qd8+ {#r} 1-0

[Event "8th Dolomiti Open 2017"]
[Site "Forni di Sopra ITA"]
[Date "2017.06.12"]
[Round "3.11"]
[White "Dushyant,Sharma"]
[Black "Remille,T"]
[Result "0-1"]
[WhiteElo "2049"]
[BlackElo "2309"]

1.e4 e6 2.d4 d5 3.Nc3 Bb4 4.e5 b6 5.a3 Bf8 6.Bd3 Ba6 7.Nf3 Ne7 8.Bxa6 Nxa6
9.Qd3 Qc8 10.Ng5 h6 11.Nh7 Qb7 12.Nxf8 Rxf8 13.Bd2 O-O-O 14.b4 f6 15.b5 Nb8
16.a4 fxe5 17.dxe5 Nd7 18.O-O Nc5 19.Qh3 g5 20.f3 Nf5 21.Ne2 d4 22.Bb4 Qd5
23.a5 Kb8 24.axb6 cxb6 25.f4 Ne3 26.Rf2 Nxc2 27.Bxc5 Qxc5 28.Rd1 Ne3 29.Rc1
Qd5 30.Re1 g4 31.Qxh6 d3 32.Nc3 Qd4 33.Nd1 g3 34.hxg3 Ng4 35.Qxe6 Nxf2 36.Nxf2
d2 37.Rd1 Qe3 38.Qc4 Qxg3 39.e6 Qxf4 40.Qxf4+ Rxf4 41.e7 Re8 42.Rxd2 Rxe7
43.g4 Re5 44.Rb2 Rd4 45.Kg2 Rdd5 46.Kg3 Rxb5 47.Ra2 Rb4 48.Ra3 a5 49.Kh4 Rd4
50.Nh3 Kb7 51.Ng5 Rd1 52.Nf3 Red5 53.Ra4 Rh1+ 54.Kg3 Rd3 55.Kg2 Rb1 56.Rf4 Rb4
57.Rf7+ Ka6 58.Kg3 a4 59.g5 a3 60.g6 Rd6 {#R} 0-1

[Event "FSIM June 2017"]
[Site "Budapest HUN"]
[Date "2017.06.09"]
[Round "7.4"]
[White "Paramzina,A"]
[Black "Balint,Vi"]
[Result "0-1"]
[WhiteElo "2192"]
[BlackElo "2229"]

1.e4 e6 2.d4 d5 3.Nc3 Bb4 4.e5 Ne7 5.a3 Bxc3+ 6.bxc3 b6 7.Qg4 Ng6 8.h4 h5
9.Qd1 c5 10.Bb5+ Bd7 11.Be2 Nxh4 12.g3 Nf5 13.Bxh5 g6 14.Bf3 Rxh1 15.Bxh1 Nc6
16.g4 Qh4 17.Qf3 Nfxd4 18.cxd4 Nxd4 {#R} 0-1

[Event "12th American Continental"]
[Site "Medellin COL"]
[Date "2017.06.11"]
[Round "2.47"]
[White "Prasca Sosa,R"]
[Black "Garcia,Alv COL"]
[Result "1-0"]
[WhiteElo "2400"]
[BlackElo "2152"]

1.e4 e6 2.d4 d5 3.Nc3 Bb4 4.e5 c5 5.Bd2 Ne7 6.a3 Bxc3 7.Bxc3 b6 8.Bb5+ Bd7
9.Bd3 Nbc6 10.Nf3 Qc7 11.dxc5 bxc5 12.O-O c4 13.Be2 O-O 14.Re1 Ng6 15.Bf1 Rad8
16.Qd2 f6 17.exf6 gxf6 18.b3 cxb3 19.cxb3 Qd6 20.b4 Nce5 21.Nxe5 fxe5 22.b5
Rf5 23.Bd3 d4 24.Bb4 Qb8 25.Bxf5 exf5 26.Qg5 Re8 27.h4 e4 28.h5 Qf4 29.Qf6 Qe5
30.Qd6 Qxd6 31.Bxd6 Ne5 32.Bxe5 Rxe5 33.Rad1 Rd5 34.f3 exf3 35.a4 fxg2 36.Kxg2
Kf7 37.Kf3 Kf6 38.Rd3 Be6 39.Kf4 Bf7 40.Red1 Be6 41.Rxd4 Rc5 42.Rb1 Ke7 43.a5
Bd5 44.b6 axb6 45.axb6 Bb7 46.Rbb4 Rc1 47.Kxf5 Rc5+ 48.Kg4 h6 49.Rbc4 Rg5+
50.Kh4 {#r} 1-0

[Event "10th Mayors Cup Open 2017"]
[Site "Mumbai IND"]
[Date "2017.06.07"]
[Round "6.17"]
[White "Rathanvel,V"]
[Black "Arvind,S"]
[Result "1-0"]
[WhiteElo "2361"]
[BlackElo "2190"]

1.e4 e6 2.d4 d5 3.Nc3 Bb4 4.e5 c5 5.a3 Bxc3+ 6.bxc3 Qc7 7.Qg4 Ne7 8.Qxg7 Rg8
9.Qxh7 cxd4 10.Ne2 Nbc6 11.f4 dxc3 12.Qd3 d4 13.Nxd4 Nxd4 14.Qxd4 Bd7 15.Rg1
Nf5 16.Qf2 Qc6 17.Bd3 Qd5 18.Be3 Nxe3 19.Qxe3 Rxg2 20.Rxg2 Qxg2 21.Be4 Qxh2
22.O-O-O Bc6 23.Bxc6+ bxc6 24.Qc5 Qg2 25.Qxc3 Rd8 26.Rxd8+ Kxd8 27.Qd4+ Ke8
28.Qxa7 Qf1+ 29.Kb2 Qb5+ 30.Kc3 c5 31.Qa8+ Ke7 32.Qe4 Qa5+ 33.Kb2 Qb5+ 34.Ka2
f5 35.exf6+ Kxf6 36.a4 Qa5 37.Qc4 Qc7 38.Qb5 c4 39.a5 Qxf4 40.a6 Qd4 41.Qa4
Qd5 42.a7 c3+ 43.Ka3 Qb7 44.Qe4 {#r} 1-0

[Event "FSGM June 2017"]
[Site "Budapest HUN"]
[Date "2017.06.07"]
[Round "5.4"]
[White "Manca,F"]
[Black "Farago,I"]
[Result "1-0"]
[WhiteElo "2397"]
[BlackElo "2401"]

1.e4 e6 2.d4 d5 3.Nc3 Bb4 4.e5 c5 5.a3 Bxc3+ 6.bxc3 Ne7 7.Qg4 O-O 8.Bd3 f5
9.exf6 Rxf6 10.Bg5 Rf7 11.Qh4 h6 12.Bxe7 Qxe7 13.Qg3 Nc6 14.Nf3 c4 15.Bg6 Rf6
16.O-O Bd7 17.Rfe1 Raf8 18.Re2 b5 19.Bh5 Rf4 20.Bg4 R8f6 21.h3 Qf8 22.Rae1 Kh7
23.Bxe6 Bxe6 24.Rxe6 Qxa3 25.Rxf6 Rxf6 26.Qg4 Qxc3 27.Re8 Qxc2 28.Qc8 Qc1+
29.Kh2 Qf4+ 30.Kh1 Nxd4 31.Rh8+ Kg6 32.Qe8+ Rf7 33.Ne5+ Kh5 34.g4+ {#r} 1-0

[Event "10th Mayors Cup Open 2017"]
[Site "Mumbai IND"]
[Date "2017.06.06"]
[Round "4.3"]
[White "Das,Say"]
[Black "Neelotpal,D"]
[Result "1-0"]
[WhiteElo "2396"]
[BlackElo "2438"]

1.e4 e6 2.d4 d5 3.Nc3 Bb4 4.e5 Ne7 5.a3 Bxc3+ 6.bxc3 c5 7.Nf3 b6 8.Bb5+ Bd7
9.Bd3 Ba4 10.h4 Qc7 11.O-O h6 12.h5 Nd7 13.Bf4 O-O-O 14.Qd2 Kb8 15.Rfb1 Nc6
16.Ra2 Ka8 17.Bg3 c4 18.Be2 Ndb8 19.Nh2 Ne7 20.Bg4 Qd7 21.Bh4 Nbc6 22.Nf1 Rdf8
23.Ne3 Rhg8 24.f4 g5 25.hxg6 fxg6 26.Bf6 Nf5 27.Bxf5 gxf5 28.Kf2 Qe8 29.Qe2
Na5 30.Bh4 Rg6 31.Rh1 Rfg8 32.Raa1 Qf8 33.Rh2 Nb7 34.Qd1 Na5 35.Qb1 Nc6 36.Qb2
Qg7 37.Rah1 h5 38.Qc1 Qh6 39.g3 Qg7 40.Rh3 Nd8 41.Qd1 Nf7 42.Qxh5 Qf8 43.Ra1
Rh6 44.Qf3 Kb8 45.Rhh1 Rgh8 46.Ke2 R8h7 47.Kd2 Nh8 48.Qg2 Ng6 49.Bg5 Rxh1
50.Rxh1 Qh8 51.Bf6 Qg8 52.Rh2 Nf8 53.Rh3 Be8 54.Qh2 Qg6 55.Rxh7 Qxh7 56.Qxh7
Nxh7 57.Be7 Kc8 58.Ke2 Kd7 59.Bd6 Bh5+ 60.g4 fxg4 61.Kf2 g3+ 62.Kxg3 Be2
63.Kh4 Bf3 64.Bb8 a6 65.Bd6 b5 66.Bb4 Ke8 67.Kg3 Be2 68.f5 Kf7 69.Ng2 Ng5
70.Nf4 Bd1 71.fxe6+ Nxe6 72.Nxd5 Bxc2 73.Ne3 Be4 74.Bd6 Ng7 75.Kf4 Bh1 76.d5
a5 77.e6+ Nxe6+ 78.dxe6+ Kxe6 79.Bc7 a4 80.Ba5 Kd6 81.Kf5 Bf3 82.Bb4+ Kc6
83.Ke5 {#r} 1-0

[Event "9th Capo d'Orso Open 2017"]
[Site "Porto Mannu Palau ITA"]
[Date "2017.06.10"]
[Round "9.2"]
[White "Landa,K"]
[Black "De Francesco,K"]
[Result "1-0"]
[WhiteElo "2615"]
[BlackElo "2235"]

1.e4 e6 2.d4 d5 3.Nc3 Bb4 4.e5 c5 5.a3 Bxc3+ 6.bxc3 Ne7 7.a4 Nbc6 8.Nf3 Qc7
9.Be2 b6 10.O-O h6 11.h4 Bd7 12.h5 Na5 13.Re1 Bc6 14.Bf4 Qd7 15.Qb1 c4 16.Qb4
O-O-O 17.Nh2 Qe8 18.Ng4 Rd7 19.Bf3 Rc7 20.g3 Qg8 21.Kg2 Qh7 22.Qb1 Rd8 23.Qc1
Qg8 24.Ra2 Qe8 25.Qa3 Kb7 26.Rea1 Ka8 27.Qc1 Nf5 28.Qd2 Rb7 29.Qe2 Rc8 30.Kg1
Rd8 31.Bg2 Rc8 32.Nh2 Qd7 33.Bh3 Ne7 34.Bc1 Rg8 35.Nf3 Nc8 36.Nh4 Qe8 37.Kh2
Bd7 38.Bd2 Ne7 39.Ng2 Rh8 40.Ne3 Nc8 41.Bc1 Ne7 42.Ba3 Nc8 43.Bb4 Ne7 44.Rf1
Nc8 45.f4 g6 46.Ng4 Ne7 47.Nf6 Qd8 48.Bxe7 Qxe7 49.hxg6 fxg6 50.Qg4 {#r} 1-0

[Event "18th ch-EUR Indiv 2017"]
[Site "Minsk BLR"]
[Date "2017.06.10"]
[Round "11.17"]
[White "Kovalenko,I"]
[Black "Fridman,D"]
[Result "0-1"]
[WhiteElo "2657"]
[BlackElo "2605"]

1.e4 e5 2.Bc4 Nf6 3.d3 c6 4.Nf3 d5 5.Bb3 Bd6 6.exd5 Nxd5 7.O-O O-O 8.Re1 Bg4
9.h3 Bh5 10.g4 Bg6 11.Nxe5 a5 12.Bd2 a4 13.Bxd5 cxd5 14.Nc3 Nc6 15.d4 Bxe5
16.dxe5 d4 17.Nb5 Qb6 18.Na3 f6 19.e6 Rae8 20.f4 f5 21.g5 Re7 22.Qf3 Rfe8
23.Qd5 Qxb2 24.Qc5 Rxe6 25.Rab1 Rxe1+ 26.Bxe1 Qxa2 27.Bf2 Nd8 28.Qd6 Qe6
29.Qxd4 Qc6 30.Rb6 Qf3 31.Qxa4 Bf7 32.Rb3 Qd1+ 33.Kg2 Re4 34.Qb5 Bxb3 35.Qxb3+
Ne6 36.Qxb7 Nxf4+ 37.Kg3 Qd8 38.h4 Nh5+ 39.Kh3 Nf4+ 40.Kg3 Ne2+ 41.Kf3 Nd4+
42.Kg2 Re7 43.Qa6 Qd5+ 44.Kh2 Re2 45.Qc8+ Kf7 46.Qc7+ Kg6 47.Qf4 Nf3+ 48.Kg3
Ne1 {#R} 0-1

[Event "CHN Team Women 2017"]
[Site "Beijing CHN"]
[Date "2017.06.09"]
[Round "4.2"]
[White "Zhang Xiaowen"]
[Black "Chu,Ruotong"]
[Result "0-1"]
[WhiteElo "2355"]
[BlackElo "2147"]
[EventType "team"]

1.e4 e5 2.Bc4 Nf6 3.d3 c6 4.Nf3 d5 5.Bb3 Bb4+ 6.c3 Bd6 7.exd5 cxd5 8.O-O O-O
9.Bg5 Be6 10.Nbd2 Nbd7 11.Rc1 Rc8 12.Re1 Qc7 13.c4 Qb8 14.Bh4 Bf5 15.Bc2 d4
16.a3 a5 17.h3 h6 18.Bg3 Rfe8 19.Nh4 Bh7 20.Qf3 b6 21.Nf5 Bc5 22.Ba4 Rc7
23.Bh4 Qa8 24.Bxf6 Qxf3 25.Nxf3 gxf6 26.N3xd4 Bxd4 27.Nxd4 Rd8 28.Nb5 Rcc8
29.Na7 Rc7 30.Nc6 Nc5 31.Nxd8 Nxa4 32.b4 axb4 33.axb4 Nb2 34.c5 b5 35.Rc3 Kf8
36.c6 Ke7 37.Nb7 Nxd3 38.Rb1 Nxf2 39.Ra1 Nd3 40.Ra8 Nxb4 41.Na5 Be4 42.Rh8
Nxc6 43.Rxh6 b4 44.Nxc6+ Bxc6 45.Rb3 Rb7 46.Rh8 Bd5 47.Rb2 b3 48.Ra8 Be4
49.Kf2 f5 50.Ke3 Bxg2 51.Ra3 Bd5 52.Ra5 f4+ 53.Kd3 Ke6 54.h4 Rd7 55.Kc3 e4
56.h5 Rc7+ 57.Kb4 e3 58.h6 f6 59.Rh2 Rh7 60.Ra6+ Ke5 61.Rh5+ f5 62.Kc3 e2
63.Kd2 Bc4 64.Ra5+ Ke4 65.Ra1 f3 66.Rc1 Rd7+ 67.Kc3 f2 {#R} 0-1

[Event "CHN Team Women 2017"]
[Site "Beijing CHN"]
[Date "2017.06.09"]
[Round "4.6"]
[White "Kuang Yinghui"]
[Black "Ren,Xiaoyi"]
[Result "0-1"]
[WhiteElo "2213"]
[BlackElo "2287"]
[EventType "team"]

1.e4 e5 2.Bc4 Nf6 3.d3 c6 4.Nf3 d5 5.exd5 cxd5 6.Bb5+ Bd7 7.Bxd7+ Nbxd7 8.O-O
Bd6 9.Re1 O-O 10.Nbd2 Qc7 11.Nf1 Rac8 12.c3 Rfe8 13.Ng3 e4 14.dxe4 Bxg3
15.hxg3 dxe4 16.Nd4 Nc5 17.Bg5 Qb6 18.Bxf6 Qxf6 19.Qg4 Nd3 20.Re2 Rc5 21.Nf3
Qc6 22.Nd4 Qf6 23.Nf3 h5 24.Qh4 g5 25.Qxh5 Kg7 26.Qg4 Qg6 27.Qd7 Re6 28.Qd4+
Kh7 29.Nd2 Qh5 30.g4 Qxg4 31.f3 Nf4 32.Qxc5 Nxe2+ 33.Kf1 Ng3+ 34.Kg1 Qh4
35.Nf1 Ne2# 0-1

[Event "39th Nezhmetdinov Mem"]
[Site "Kazan RUS"]
[Date "2017.06.06"]
[Round "7.9"]
[White "Tsydypov,Z"]
[Black "Raja,H"]
[Result "1-0"]
[WhiteElo "2511"]
[BlackElo "2334"]

1.e4 e5 2.Nc3 Nc6 3.g3 Bc5 4.Bg2 Nf6 5.d3 a6 6.h3 d6 7.Nge2 Ba7 8.g4 Be6 9.f4
exf4 10.Bxf4 Nd4 11.Qd2 h6 12.O-O-O Nd7 13.Nxd4 Bxd4 14.Ne2 Bf6 15.d4 Nb6
16.e5 dxe5 17.dxe5 Qxd2+ 18.Rxd2 Be7 19.Bxb7 Rb8 20.Bc6+ Kf8 21.b3 g5 22.Bg3
Nc4 23.Rd3 Ba3+ 24.Kb1 Na5 25.Bd5 Ke8 26.Nc3 Nb7 27.Ne4 Nc5 28.Nf6+ Ke7 29.Rd4
Rhd8 30.Rhd1 Rb4 31.c3 Rxd4 32.Rxd4 Nd7 33.Bxe6 fxe6 34.Kc2 Bc5 35.Rd3 c6
36.h4 Nxf6 37.exf6+ Ke8 38.Rxd8+ Kxd8 39.hxg5 hxg5 40.Be1 Ke8 41.Bd2 Kf7
42.Bxg5 Bf2 43.Kd3 {#r} 1-0